00365nam a2200157Ia 4500003000400000005001700004008004100021040001600062041000800078050001700086082001700103100002100120245001900141260002800160300001900188OSt20241015141855.0241015s9999 xx 000 0 und d cRaghav Book aeng a332.0285 TSA a332.0285 TSA aEdward P K Tsang aAi For Finance bCrc PressaLondonc2023 a105;. P. 20 cm